<?xml version="1.0" encoding="UTF-8"?>
<record
    xmlns:xsi="http://www.w3.org/2001/XMLSchema-instance"
    xsi:schemaLocation="http://www.loc.gov/MARC21/slim http://www.loc.gov/standards/marcxml/schema/MARC21slim.xsd"
    xmlns="http://www.loc.gov/MARC21/slim">

  <leader>01393cam a2200265 i 4500</leader>
  <controlfield tag="003">BD-RjUL</controlfield>
  <controlfield tag="005">20220207123013.0</controlfield>
  <controlfield tag="008">220131m19501959iq a     b    000 0 ara d</controlfield>
  <datafield tag="035" ind1=" " ind2=" ">
    <subfield code="a">(BD-RjUL)</subfield>
  </datafield>
  <datafield tag="040" ind1=" " ind2=" ">
    <subfield code="a">IUL</subfield>
    <subfield code="b">eng</subfield>
    <subfield code="e">rda</subfield>
    <subfield code="c">IUL</subfield>
    <subfield code="d">OCLCQ</subfield>
    <subfield code="d">CUY</subfield>
  </datafield>
  <datafield tag="041" ind1=" " ind2=" ">
    <subfield code="a">ara</subfield>
  </datafield>
  <datafield tag="082" ind1=" " ind2=" ">
    <subfield code="2">23</subfield>
    <subfield code="a">953</subfield>
  </datafield>
  <datafield tag="100" ind1="1" ind2=" ">
    <subfield code="a">&#x639;&#x644;&#x64A;&#x60C; &#x62C;&#x648;&#x627;&#x62F;.;; &#x2BB;Al&#x12B;, Jaw&#x101;d,</subfield>
    <subfield code="e">author.</subfield>
    <subfield code="9">1028</subfield>
  </datafield>
  <datafield tag="245" ind1="1" ind2="0">
    <subfield code="a">&#x62A;&#x627;&#x631;&#x64A;&#x62E; &#x627;&#x644;&#x639;&#x631;&#x628; &#x642;&#x628;&#x644; &#x627;&#x644;&#x625;&#x633;&#x644;&#x627;&#x645; ;; T&#x101;r&#x12B;kh al-&#x2BB;Arab qabla al-Isl&#x101;m /</subfield>
    <subfield code="c">&#x62A;&#x623;&#x644;&#x64A;&#x641; &#x62C;&#x648;&#x627;&#x62F; &#x639;&#x644;&#x64A;.;; ta&#x2B9;l&#x12B;f Jaw&#x101;d &#x2BB;Al&#x12B;.</subfield>
  </datafield>
  <datafield tag="264" ind1=" " ind2="1">
    <subfield code="a">Baghd&#x101;d :&#x628;&#x63A;&#x62F;&#x627;&#x62F; :</subfield>
    <subfield code="b">Ma&#x1E6D;ba&#x2BB;at al-Tafy&#x12B;d :</subfield>
    <subfield code="b">al-Majma&#x2BB; al-&#x2BB;Ilm&#x12B; al-&#x2BB;Ir&#x101;q&#x12B;,;; &#x627;&#x644;&#x645;&#x62C;&#x645;&#x639; &#x627;&#x644;&#x639;&#x644;&#x645;&#x64A; &#x627;&#x644;&#x639;&#x631;&#x627;&#x642;&#x64A;&#x60C;</subfield>
    <subfield code="c">1950-1959.</subfield>
  </datafield>
  <datafield tag="300" ind1=" " ind2=" ">
    <subfield code="a">8 volumes :</subfield>
    <subfield code="b">illustrations ;</subfield>
    <subfield code="c">25 cm</subfield>
  </datafield>
  <datafield tag="490" ind1="1" ind2=" ">
    <subfield code="a">Ma&#x1E6D;b&#x16B;&#x2BB;&#x101;t al-Majma&#x2BB; al-&#x2BB;Ilm&#x12B; al-&#x2BB;Ir&#x101;q&#x12B;</subfield>
  </datafield>
  <datafield tag="504" ind1=" " ind2=" ">
    <subfield code="a">Includes bibliographical references.</subfield>
  </datafield>
  <datafield tag="505" ind1="0" ind2=" ">
    <subfield code="a">v. 1-4. al-Qism al-siy&#x101;s&#x12B;.-- v.3-4-- v. 5-6. al-Qism al-d&#x12B;n&#x12B;. -- v. 7. al-Qism al-lughaw&#x12B;. -- v. 8. al-Qism al-ijtim&#x101;&#x2BB;&#x12B; wa-al-thaq&#x101;f&#x12B;.</subfield>
  </datafield>
  <datafield tag="505" ind1="0" ind2=" ">
    <subfield code="a">&#x62C;&#x632;&#x621; 1-4. &#x627;&#x644;&#x642;&#x633;&#x645; &#x627;&#x644;&#x633;&#x64A;&#x627;&#x633;&#x64A;.-- &#x62C;&#x632;&#x621; 5-6. &#x627;&#x644;&#x642;&#x633;&#x645; &#x627;&#x644;&#x62F;&#x64A;&#x646;&#x64A;. -- &#x62C;&#x632;&#x621; 7. &#x627;&#x644;&#x642;&#x633;&#x645; &#x627;&#x644;&#x644;&#x63A;&#x648;&#x64A;. -- &#x62C;&#x632;&#x621; 8. &#x627;&#x644;&#x642;&#x633;&#x645; &#x627;&#x644;&#x627;&#x62C;&#x62A;&#x645;&#x627;&#x639;&#x64A; &#x648;&#x627;&#x644;&#x62B;&#x642;&#x627;&#x641;&#x64A;.</subfield>
  </datafield>
  <datafield tag="651" ind1=" " ind2="0">
    <subfield code="a">Arabian Peninsula</subfield>
    <subfield code="x">History.</subfield>
    <subfield code="9">1029</subfield>
  </datafield>
  <datafield tag="651" ind1=" " ind2="7">
    <subfield code="a">Arabian Peninsula.</subfield>
    <subfield code="2">fast</subfield>
    <subfield code="0">(OCoLC)fst01240131</subfield>
    <subfield code="9">1030</subfield>
  </datafield>
  <datafield tag="830" ind1=" " ind2="0">
    <subfield code="a">Ma&#x1E6D;b&#x16B;&#x2BB;&#x101;t al-Majma&#x2BB; al-&#x2BB;Ilm&#x12B; al-&#x2BB;Ir&#x101;q&#x12B;.</subfield>
    <subfield code="9">1031</subfield>
  </datafield>
  <datafield tag="942" ind1=" " ind2=" ">
    <subfield code="2">ddc</subfield>
    <subfield code="c">BK</subfield>
  </datafield>
  <datafield tag="999" ind1=" " ind2=" ">
    <subfield code="c">79294</subfield>
    <subfield code="d">79294</subfield>
  </datafield>
  <datafield tag="952" ind1=" " ind2=" ">
    <subfield code="0">0</subfield>
    <subfield code="1">0</subfield>
    <subfield code="2">ddc</subfield>
    <subfield code="4">0</subfield>
    <subfield code="7">1</subfield>
    <subfield code="8">NFIC</subfield>
    <subfield code="a">RUCL</subfield>
    <subfield code="b">RUCL</subfield>
    <subfield code="c">Reading</subfield>
    <subfield code="d">2022-01-31</subfield>
    <subfield code="o">A 953 ALT V-1 1952</subfield>
    <subfield code="r">2022-01-31 00:00:00</subfield>
    <subfield code="t">C-1</subfield>
    <subfield code="y">BK</subfield>
  </datafield>
  <datafield tag="952" ind1=" " ind2=" ">
    <subfield code="0">0</subfield>
    <subfield code="1">0</subfield>
    <subfield code="2">ddc</subfield>
    <subfield code="4">0</subfield>
    <subfield code="7">1</subfield>
    <subfield code="8">NFIC</subfield>
    <subfield code="a">RUCL</subfield>
    <subfield code="b">RUCL</subfield>
    <subfield code="c">Reading</subfield>
    <subfield code="d">0000-00-00</subfield>
    <subfield code="o">A 953 ALT V-3-4 1953</subfield>
    <subfield code="r">2022-02-07 00:00:00</subfield>
    <subfield code="t">C-1</subfield>
    <subfield code="y">BK</subfield>
  </datafield>
</record>
